000 01069nam a2200265 i 4500
003 DO-SdBNP
005 20250616143213.0
007 ta
008 190724s2012 dr o 000 spa d
040 _aDO-SdBNP
_bspa
_cBNPHU
_erda
082 _axxxx
_bD925b
_222
100 1 _aDunoyer de Segonzac, André J
_976493
_d1884-1974
_eautor
_4aut.
245 0 _aBásilica nuestra señora de la Altragracia /
_cAndrè J. Dunoyer de Segonzac ; fotografías Ricardo Briones
264 1 _aSanto Domingo :
_bEditora Amigo del Hogar,
_c[2012].
300 _a101 páginas
_bfotografías
_c28 cm
336 _atexto
_btxt
_2rdacontent
337 _asin mediación
_bn
_2rdamedia
338 _avolumen
_bnc
_2rdacarrier
500 _aPublicación del museo de La Altagracia en ocasión de su inauguración 26 de julio de 2012.
505 _tVidrieras --
_tPinturas murales --
_tRetablo --
_tAltar mayor --
_tMosaicos --
_tCampanario --
_tCarillón /
590 _aInventariado, 2025/ YL
700 _aBriones, Ricardo
_efotógrafo
_4fot.
_959135
910 _aYLockward
942 _2ddc
_cLBS1
999 _c59298
_d59298